000 01668cam a22003974i 4500
003 PE-LiUPU
005 20250731175645.0
008 150616s r 000 0 d
020 _a0801010438
035 _a(Sirsi) i9780801010439
040 _aPE-LiUPU
_bspa
_cPE-LiUPU
_erda
049 _aPRUA
082 0 4 _a487.4
_bB57
_221
100 1 _aBlack, David Alan,
_eautor.
245 1 0 _aUsing New Testament Greek in Ministry.
264 1 _aGrand Rapids, Michigan :
_bBaker Book House,
_c1993.
300 _a128 páginas ;
_c21 centímetros
336 _atext
_2rdacontent
337 _aunmediated
_2rdamedia
338 _avolume
_2rdacarrier
505 0 _aYou and Your Greek New Testament: Clarifying objectives -- Off the Shelf and into Yourself: Selecting the Right Tools for Greek Exegesis -- Getting Oriented: The Nature and Task of Greek Exegesis -- Developing Your Exegetical Skills: A Concise Guide to Greek Exegesis -- From Theory to Practice: Employing the Principles and Tools -- Greek exegesis.
526 _aP145
526 _aP127
526 _aP97
526 _aP35
526 _aP14
526 _aP07
650 0 4 _aGRIEGO BIBLICO - MANUALES, GUIAS, ETC.
910 _ajck
_bjvq
_cjck
942 _2ddc
_cBOOK
949 _a487.4 B57
_wDEWEY
_c1
_i40398
_lCCODEBUL1
_mBUL
_r0
_sY
_tBOOK
_u2015-6-16
_xTEOLOGIA
_zUNKNOWN
_0COMPRA
_o.STAFF. Colección General
994 _aC0
_bPEPRU
596 _a1
999 _a487.4 B57
_wDEWEY
_c58203
_i40398
_f2021-11-11
_g5
_lCCODEBUL1
_mBUL
_r0
_sY
_tBOOK
_u2015-6-16
_xTEOLOGIA
_zUNKNOWN
_0COMPRA
_o.STAFF. Colección General
_d58203
980 _81
_gALBERTO SANCHEZ Responsable de Automatización